[Event "Reykjavik Open 2025"]
[Site "Reykjavik"]
[Date "2025.04.13"]
[Round "6.151"]
[White "Baldvinsson, Loftur"]
[Black "Gulyas, Adam Ferenc"]
[Result "1/2-1/2"]
[WhiteElo "1920"]
[WhiteFideId "2301261"]
[BlackElo "1722"]
[BlackFideId "2330059"]
[Variant "Standard"]
[StudyName "ROpen 2025 - Rd6 - Boards 109-172"]
1. e4 e5 2. Nf3 Nc6 3. d4 exd4 4. Bc4 Bc5 5. Ng5 Nh6 6. Nxf7 Nxf7 7. Bxf7+ Kxf7 8. Qh5+ g6 9. Qd5+ Ke8 10. Qxc5 d6 11. Qc4 Qe7 12. Nd2 Be6 13. Qb5 Rb8 14. O-O a6 15. Qe2 Qf7 16. f4 Kd8 17. b3 h5 18. h3 Re8 19. Qf2 Nb4 20. Nf3 c5 21. a3 Nc6 22. Ng5 Qf6 23. Bb2 Bd7 24. Rad1 Kc7 25. Rfe1 Rbd8 26. Qg3 Kc8 27. c3 dxc3 28. Bxc3 Nd4 29. Ba5 Rf8 30. Bxd8 Kxd8 31. Qh4 Kc7 32. e5 dxe5 33. fxe5 Qe7 34. Qg3 Nf5 35. Qd3 Bb5 36. Qd6+ Nxd6 37. exd6+ Qxd6 38. Rxd6 Kxd6 39. Re6+ Kd5 40. Rxg6 Rf5 1/2-1/2

[Event "Reykjavik Open 2025"]
[Site "Reykjavik"]
[Date "2025.04.13"]
[Round "6.152"]
[White "Winnubst, Paul"]
[Black "Brynjarsson, Orvar Holm"]
[Result "1-0"]
[WhiteElo "1906"]
[WhiteFideId "40101460"]
[BlackElo "1717"]
[BlackFideId "2321726"]
[Variant "Standard"]
[StudyName "ROpen 2025 - Rd6 - Boards 109-172"]
1. d4 Nf6 2. c4 e6 3. Nf3 b6 4. a3 Bb7 5. Nc3 d5 6. cxd5 exd5 7. Bg5 Be7 8. e3 O-O 9. Bd3 c5 10. Ne5 Nbd7 11. Qf3 Nxe5 12. dxe5 Nd7 13. Bf4 d4 14. Qxb7 dxc3 15. Qe4 f5 16. Qc4+ Kh8 17. Qxc3 Bg5 18. O-O Qe7 19. Rad1 Rad8 20. Bc4 Bxf4 21. exf4 Nb8 22. Qc2 a6 23. Be2 Nc6 24. Bxa6 Nd4 25. Qc4 Qh4 26. b4 Qxf4 27. bxc5 bxc5 28. Qxc5 Nf3+ 29. gxf3 Qxf3 30. Rfe1 Qg4+ 31. Kf1 Qh3+ 32. Ke2 Qg4+ 33. f3 Qf4 34. e6 Rfe8 35. Rxd8 Rxd8 36. Bd3 Qxh2+ 37. Qf2 Qd6 38. Bc4 Qf4 39. Bd3 Qd6 40. Qe3 Qh2+ 41. Kd1 Qd6 42. e7 Re8 43. a4 h6 44. Re2 h5 45. Ke1 Qg3+ 46. Qf2 Qf4 47. Qc5 Qh4+ 48. Kd1 Qxa4+ 49. Bc2 Qf4 50. Qxf5 Qd6+ 51. Qd3 1-0

[Event "Reykjavik Open 2025"]
[Site "Reykjavik"]
[Date "2025.04.13"]
[Round "6.153"]
[White "Weersing, Nathan"]
[Black "Arnshav, Ivar"]
[Result "1-0"]
[WhiteElo "1666"]
[WhiteFideId "467936"]
[BlackElo "1893"]
[BlackFideId "1777661"]
[Variant "Standard"]
[StudyName "ROpen 2025 - Rd6 - Boards 109-172"]
1. e4 c6 2. d4 d5 3. Nc3 g6 4. h3 Bg7 5. Nf3 e6 6. Be3 Ne7 7. Bd3 Nd7 8. Ne2 O-O 9. e5 c5 10. c3 c4 11. Bc2 b5 12. Qd2 Nc6 13. h4 h5 14. Bg5 Qe8 15. Nh2 f5 16. exf6 Nxf6 17. Nf4 Ne7 18. Nf3 1-0

[Event "Reykjavik Open 2025"]
[Site "Reykjavik"]
[Date "2025.04.13"]
[Round "6.154"]
[White "Vreugdenhil, Frans"]
[Black "Wittkowski, Ralf"]
[Result "1-0"]
[WhiteElo "1892"]
[WhiteFideId "1005634"]
[BlackElo "1701"]
[BlackFideId "12959812"]
[Variant "Standard"]
[StudyName "ROpen 2025 - Rd6 - Boards 109-172"]
1. e4 d5 2. d4 dxe4 3. Nc3 Bf5 4. g4 Bg6 5. Bg2 Nf6 6. g5 Nd5 7. Nxe4 Nc6 8. Ne2 e6 9. O-O f5 10. gxf6 gxf6 11. c4 Bxe4 12. Bxe4 Rg8+ 13. Kh1 Nde7 14. d5 exd5 15. cxd5 Ne5 16. Nf4 f5 17. Bxf5 Nf7 18. Be6 Ng6 19. Nxg6 Rxg6 20. Qa4+ c6 21. dxc6 b5 22. Bd7+ Ke7 23. Re1+ Kd6 24. Qf4+ 1-0

[Event "Reykjavik Open 2025"]
[Site "Reykjavik"]
[Date "2025.04.13"]
[Round "6.155"]
[White "Rosario Almanzar, Raydily"]
[Black "Harrison, Kirk"]
[Result "1-0"]
[WhiteElo "1888"]
[WhiteFideId "6403573"]
[BlackElo "1679"]
[BlackFideId "343419852"]
[Variant "Standard"]
[StudyName "ROpen 2025 - Rd6 - Boards 109-172"]
1. d4 d5 2. c4 e6 3. Nc3 Be7 4. Nf3 Nf6 5. g3 O-O 6. Bg2 c6 7. O-O b6 8. Re1 Bb7 9. h3 Nbd7 10. Bf4 dxc4 11. e4 c5 12. d5 exd5 13. exd5 Re8 14. Qd2 Bf8 15. Rxe8 Nxe8 16. d6 Ndf6 17. Rd1 Ne4 18. Nxe4 Bxe4 19. d7 Nf6 20. Bc7 Qxc7 21. d8=Q Rxd8 22. Qxd8 Qxd8 23. Rxd8 a6 24. Ne5 Bxg2 25. Kxg2 b5 26. g4 g5 27. Ra8 Kg7 28. Rxa6 Ne4 29. Rb6 Nd6 30. Nd7 Be7 31. Nxc5 b4 32. Rxb4 Ne4 33. Na6 Bxb4 34. Nxb4 Nc5 35. Kf3 Na4 36. Ke3 Nxb2 37. Kd4 h5 38. Kc3 hxg4 39. hxg4 Nd1+ 40. Kxc4 Nxf2 41. a4 Nxg4 42. Kd4 Nf6 43. a5 g4 44. a6 g3 45. Ke3 Ng4+ 46. Kf3 Ne5+ 47. Kxg3 Nd7 48. Nd5 1-0

[Event "Reykjavik Open 2025"]
[Site "Reykjavik"]
[Date "2025.04.13"]
[Round "6.156"]
[White "Halldorsson, Karma"]
[Black "Grose, Kameron"]
[Result "0-1"]
[WhiteElo "1654"]
[WhiteFideId "2324822"]
[BlackElo "1882"]
[BlackFideId "474010"]
[Variant "Standard"]
[StudyName "ROpen 2025 - Rd6 - Boards 109-172"]
1. e4 c5 2. b3 g6 3. Bb2 Nf6 4. e5 Nd5 5. Bc4 Nb6 6. Qe2 Bg7 7. Nf3 O-O 8. O-O Nc6 9. Re1 d5 10. Bb5 Nb4 11. d4 cxd4 12. Nxd4 a6 13. a3 Nxc2 14. Nxc2 axb5 15. Qxb5 Bd7 16. Qe2 Rc8 17. Nd4 e6 18. Nd2 Na8 19. N2f3 Nc7 20. a4 Re8 21. Ba3 Na6 22. Rac1 Qb6 23. Qe3 Nb4 24. Bxb4 Qxb4 25. Qf4 Qe7 26. Re2 Qf8 27. g4 Rxc1+ 28. Qxc1 Rc8 29. Rc2 Rxc2 30. Qxc2 Qb8 31. Qe2 Qc7 32. h3 h6 33. Kg2 Kf8 34. Qe1 Kg8 35. Qe2 Kf8 36. Qe1 Ke8 37. a5 Kd8 38. b4 Qc4 39. Qd2 Bf8 40. Qf4 Ke8 41. Qd2 Qxb4 42. Qa2 Bc5 43. a6 bxa6 44. Qxa6 Bxd4 45. Qa8+ Ke7 46. Nxd4 Qxd4 47. Qa3+ Kd8 48. Qf8+ Be8 49. Qd6+ Kc8 50. Qa6+ Kc7 51. Qd6+ Kb7 52. Qe7+ Kb6 53. Qd8+ Kc5 54. Qxe8 Qe4+ 55. Kg1 Qxe5 56. Qxf7 Qe1+ 57. Kg2 Qe4+ 58. Kg1 d4 59. Qc7+ Qc6 60. Qe5+ Kc4 61. Qf4 g5 62. Qc1+ Kd5 63. Qa3 Qb5 64. Qf3+ Kc4 65. Qe2+ d3 66. Qxe6+ Kc3 67. Qe3 Kc2 68. Qe4 Qb3 69. Kg2 Qc3 70. Kg3 Qc7+ 71. Kg2 Kc3 72. Qe3 Qf4 73. Qc5+ Qc4 74. Qa3+ Kc2 75. Qf8 d2 76. Qf5+ Kc1 0-1

[Event "Reykjavik Open 2025"]
[Site "Reykjavik"]
[Date "2025.04.13"]
[Round "6.157"]
[White "Roth, Jonas"]
[Black "Santoro, Michele"]
[Result "1-0"]
[WhiteElo "1881"]
[WhiteFideId "34623515"]
[BlackElo "1649"]
[BlackFideId "28549260"]
[Variant "Standard"]
[StudyName "ROpen 2025 - Rd6 - Boards 109-172"]
1. d4 d5 2. Nf3 e6 3. Bf4 c5 4. e3 Nc6 5. c3 Bd6 6. Bg3 Nf6 7. Bd3 Bxg3 8. hxg3 Qb6 9. Qc2 Bd7 10. Nbd2 Rc8 11. dxc5 Qxc5 12. Nb3 Qb6 13. O-O-O Nb4 14. Qb1 Nxd3+ 15. Qxd3 Bb5 16. Qc2 Ba4 17. Rd4 Bxb3 18. axb3 Ne4 19. Ra4 h6 20. g4 Nd6 21. g5 h5 22. g6 Ne4 23. gxf7+ Kxf7 24. Ne5+ Ke8 25. Rxe4 dxe4 26. Qxe4 Rh6 27. Qa4+ Rc6 28. Nxc6 Qxc6 29. Qxc6+ bxc6 30. Kd2 Kd7 31. Ra1 Kd6 32. Rxa7 g5 33. Rg7 g4 34. Rg5 e5 35. b4 Kd5 36. Kd3 Ke6 37. Ke4 h4 38. Rxg4 h3 39. gxh3 Rxh3 40. Rg6+ Kf7 41. Rxc6 Rh2 42. f3 Rxb2 43. Kxe5 Rc2 44. e4 Re2 45. f4 Ke7 46. b5 Kd7 47. c4 Re1 48. f5 Re2 49. Rd6+ Kc7 50. c5 Rb2 51. b6+ Kc8 52. f6 Rb5 53. Kd5 Rb1 54. e5 Rf1 55. Kc6 Re1 56. b7+ Kb8 57. Rd8+ 1-0

[Event "Reykjavik Open 2025"]
[Site "Reykjavik"]
[Date "2025.04.13"]
[Round "6.158"]
[White "Toth, Kincso"]
[Black "Alguno Openia, Tristan Nash"]
[Result "1/2-1/2"]
[WhiteElo "1881"]
[WhiteFideId "17003857"]
[BlackElo "1624"]
[BlackFideId "2330180"]
[Variant "Standard"]
[StudyName "ROpen 2025 - Rd6 - Boards 109-172"]
1. e4 c5 2. c3 e6 3. d4 cxd4 4. cxd4 d5 5. exd5 exd5 6. Nf3 Nf6 7. Bd3 Be7 8. O-O O-O 9. h3 h6 10. Nc3 Be6 11. Bf4 Nc6 12. Qd2 Rc8 13. Rac1 Bb4 14. a3 Bxc3 15. bxc3 Ne4 16. Qc2 Re8 17. Rfe1 Bf5 18. Qb2 Qd7 19. Bf1 a6 20. Ne5 Nxe5 21. Bxe5 Rc6 22. c4 Rec8 23. cxd5 Rxc1 24. Rxc1 Rxc1 25. Qxc1 Qxd5 26. Qf4 Be6 27. Bd3 Nc3 28. Qg3 g5 29. h4 Qd8 30. Qf3 gxh4 31. Qh5 Qg5 32. Qxg5+ hxg5 33. Bf6 h3 34. gxh3 Bxh3 35. Bxg5 Kg7 36. Bd2 Nd5 37. Be4 Be6 38. Kf1 b5 39. Ke2 f5 40. Bg2 Kf6 41. Kd3 Ke7 42. Bxd5 Bxd5 43. Bb4+ Ke6 44. Ke3 1/2-1/2

[Event "Reykjavik Open 2025"]
[Site "Reykjavik"]
[Date "2025.04.13"]
[Round "6.159"]
[White "Hardwick, Hugo"]
[Black "Gudbrandsson, Thor Jokull"]
[Result "1/2-1/2"]
[WhiteElo "1873"]
[WhiteFideId "1767569"]
[BlackElo "1622"]
[BlackFideId "2332140"]
[Variant "Standard"]
[StudyName "ROpen 2025 - Rd6 - Boards 109-172"]
1. e4 c6 2. d4 d5 3. Nc3 dxe4 4. Nxe4 Nf6 5. Nxf6+ exf6 6. c3 Bd6 7. Bd3 O-O 8. Qc2 Re8+ 9. Ne2 h6 10. Be3 Nd7 11. O-O-O Qa5 12. Kb1 b5 13. Nc1 Qc7 14. Qd2 Bf8 15. d5 Nb6 16. dxc6 Nc4 17. Bxc4 bxc4 18. Qd5 Be6 19. Qf3 Rec8 20. Ne2 Qxc6 21. Qxc6 Rxc6 22. Nd4 Rcc8 23. Rhe1 a5 24. Bf4 Bd7 25. f3 Re8 26. h3 Bc5 27. Nc2 1/2-1/2

[Event "Reykjavik Open 2025"]
[Site "Reykjavik"]
[Date "2025.04.13"]
[Round "6.160"]
[White "Erlendsson Weinert, Robin Peter"]
[Black "Frey, Charles F"]
[Result "0-1"]
[WhiteElo "1405"]
[WhiteFideId "2330954"]
[BlackElo "1871"]
[BlackFideId "2027755"]
[Variant "Standard"]
[StudyName "ROpen 2025 - Rd6 - Boards 109-172"]
1. e4 Nf6 2. Nc3 e5 3. Nf3 Nc6 4. d4 exd4 5. Nxd4 d5 6. Bb5 Bd7 7. exd5 Nb4 8. Bc4 Bc5 9. Be3 Ng4 10. a3 Nxe3 11. fxe3 Bxd4 12. exd4 Qh4+ 13. g3 Qxd4 14. Qe2+ Kd8 15. Rd1 Nxc2+ 16. Qxc2 Qxc4 17. Kd2 g6 18. Qd3 Qb3 19. Qc2 Qxc2+ 20. Kxc2 Bf5+ 21. Kc1 Kd7 22. Rd4 h5 23. Ne4 Bxe4 24. Rxe4 Rhe8 25. Rf4 f5 26. Kd2 Re5 27. Rd4 Kd6 28. Rc1 Rc8 29. Kd3 Rxd5 30. Rxd5+ Kxd5 31. Ke3 c5 32. Kd3 b5 33. b3 Re8 34. Rc2 Re4 35. Rb2 h4 36. gxh4 Rxh4 37. Rg2 Rg4 38. Re2 Rd4+ 39. Kc3 Re4 40. Rd2+ Kc6 41. Rd3 f4 42. h4 a5 43. Rf3 a4 44. bxa4 Rxa4 45. Kb3 Re4 46. Kc3 Re3+ 47. Rxe3 fxe3 48. Kd3 Kd5 49. Kxe3 Ke5 50. Kf3 Kf5 51. Kg3 b4 52. axb4 cxb4 53. Kf3 b3 54. Kg2 Kg4 55. h5 gxh5 56. Kh2 b2 57. Kg2 b1=Q 58. Kf2 Qd3 59. Ke1 Qc2 60. Kf1 Kf3 0-1

[Event "Reykjavik Open 2025"]
[Site "Reykjavik"]
[Date "2025.04.13"]
[Round "6.161"]
[White "Borne, Maxim"]
[Black "Hermannsson, Sigurbjorn"]
[Result "0-1"]
[WhiteElo "1569"]
[WhiteFideId "652011933"]
[BlackElo "1870"]
[BlackFideId "2325128"]
[Variant "Standard"]
[StudyName "ROpen 2025 - Rd6 - Boards 109-172"]
1. d4 Nf6 2. c4 e6 3. Nf3 b6 4. g3 Ba6 5. Qc2 c5 6. Bg2 Nc6 7. O-O cxd4 8. Rd1 Bb7 9. Nxd4 Nxd4 10. Rxd4 Bxg2 11. Kxg2 Bc5 12. Rd1 Qc7 13. Nd2 O-O 14. Nf3 Ng4 15. Rf1 f5 16. a3 a5 17. h3 Nf6 18. Bf4 d6 19. Rab1 a4 20. Rbd1 e5 21. Bc1 Qd7 22. Nxe5 Qe6 23. Nf3 Ne4 24. Ng5 Qg6 25. Nxe4 fxe4 26. Rd5 Bxf2 27. Rg5 Qf6 28. Qxe4 Rae8 29. Qd5+ Rf7 30. g4 g6 31. Qf5 Rxe2 32. Rxf2 Rxf2+ 33. Kxf2 Qd4+ 34. Be3 Rxf5+ 35. Rxf5 Qxb2+ 0-1

[Event "Reykjavik Open 2025"]
[Site "Reykjavik"]
[Date "2025.04.13"]
[Round "6.163"]
[White "Albersmann, Rene"]
[Black "Gudmundsson, Eirikur Orri"]
[Result "1-0"]
[WhiteElo "1859"]
[WhiteFideId "34631402"]
[BlackElo "1551"]
[BlackFideId "2325560"]
[Variant "Standard"]
[StudyName "ROpen 2025 - Rd6 - Boards 109-172"]
1. e4 e5 2. Nf3 Nc6 3. Bb5 Nf6 4. O-O a6 5. Bxc6 dxc6 6. Nxe5 Bd6 7. Nf3 Be7 8. d3 O-O 9. Bf4 h6 10. h3 Nh5 11. Bh2 g5 12. Nxg5 Ng7 13. Nf3 b5 14. Qd2 Bg5 15. Nxg5 hxg5 16. Nc3 Qf6 17. Bxc7 g4 18. hxg4 Bxg4 19. Qf4 Qg6 20. f3 Bd7 21. Qd6 Bh3 22. Qxg6 fxg6 23. gxh3 Ne6 24. Bg3 Ng5 25. Kg2 Kf7 26. f4 Ne6 27. f5 gxf5 28. Rxf5+ Kg6 29. Raf1 Rfe8 30. Rf6+ Kg7 31. Rf7+ Kg8 32. Rd7 Nc5 33. Rc7 Ne6 34. Rxc6 Nd4 35. Rc7 Ne6 36. Nd5 1-0

[Event "Reykjavik Open 2025"]
[Site "Reykjavik"]
[Date "2025.04.13"]
[Round "6.167"]
[White "Lindbergh, Theodor"]
[Black "Le Pen, Michel"]
[Result "1-0"]
[WhiteElo "2264"]
[WhiteFideId "1716956"]
[BlackElo "1668"]
[BlackFideId "656330"]
[Variant "Standard"]
[StudyName "ROpen 2025 - Rd6 - Boards 109-172"]
1. d4 d5 2. c4 e6 3. Nc3 Nf6 4. cxd5 exd5 5. Bg5 Be7 6. e3 O-O 7. Bd3 b6 8. Nge2 Bb7 9. O-O Nbd7 10. Rc1 Rc8 11. Ng3 c5 12. Nf5 c4 13. Bb1 a6 14. f3 Re8 15. e4 h6 16. Bh4 dxe4 17. fxe4 Bf8 18. e5 Nxe5 19. dxe5 Bc5+ 20. Kh1 Rxe5 21. Re1 Rxe1+ 22. Qxe1 Qe8 23. Bxf6 Qc6 24. Ne4 Re8 25. Qg3 Bf8 26. Nxg7 Rxe4 27. Ne6+ 1-0

[Event "Reykjavik Open 2025"]
[Site "Reykjavik"]
[Date "2025.04.13"]
[Round "6.168"]
[White "Bartelt, Max Peter"]
[Black "Kaalinnguaq Thorleifsen, Thomas"]
[Result "1-0"]
[WhiteElo "2104"]
[WhiteFideId "12967289"]
[BlackElo "1552"]
[BlackFideId "2330938"]
[Variant "Standard"]
[StudyName "ROpen 2025 - Rd6 - Boards 109-172"]
1. d4 d5 2. Nf3 Nf6 3. g3 Ne4 4. Bg2 b6 5. O-O Bb7 6. c4 e6 7. Nbd2 f5 8. Ne5 Nd7 9. Ndf3 Be7 10. Bf4 O-O 11. Rc1 Rc8 12. Qa4 Nxe5 13. Nxe5 a6 14. Rfd1 g5 15. Bd2 Nxd2 16. Rxd2 f4 17. Nc6 Qd6 18. cxd5 fxg3 19. hxg3 exd5 20. Bxd5+ Qxd5 21. Nxe7+ 1-0

[Event "Reykjavik Open 2025"]
[Site "Reykjavik"]
[Date "2025.04.13"]
[Round "6.169"]
[White "Oskarsson, Markus Orri"]
[Black "Ishitsu, Mike"]
[Result "1-0"]
[WhiteElo "2051"]
[WhiteFideId "2320118"]
[BlackElo "1486"]
[BlackFideId "7007124"]
[Variant "Standard"]
[StudyName "ROpen 2025 - Rd6 - Boards 109-172"]
1. d4 e6 2. c4 f5 3. g3 Nf6 4. Bg2 Be7 5. Nf3 Ne4 6. Qc2 d5 7. Bf4 O-O 8. h4 c6 9. Nbd2 Bd7 10. Ne5 a5 11. a3 Be8 12. Nxe4 dxe4 13. O-O-O b5 14. f3 b4 15. a4 b3 16. Qxb3 Na6 17. c5 Nc7 18. Nc4 Nd5 19. Nb6 Nxf4 20. gxf4 Rb8 21. fxe4 fxe4 22. e3 Bg6 23. h5 Bf5 24. Bxe4 Kh8 25. Bxf5 exf5 26. Qe6 Rf6 27. Qd7 Qf8 28. Qc7 Bxc5 29. dxc5 Qxc5+ 30. Kb1 Rff8 31. h6 Rg8 32. hxg7+ Rxg7 33. Qxb8+ Rg8 34. Qc7 1-0

[Event "Reykjavik Open 2025"]
[Site "Reykjavik"]
[Date "2025.04.13"]
[Round "6.171"]
[White "Seshadri, Sridhar"]
[Black "Wiesebach, Wolfgang"]
[Result "0-1"]
[WhiteElo "1623"]
[WhiteFideId "30913942"]
[BlackElo "1971"]
[BlackFideId "4677196"]
[Variant "Standard"]
[StudyName "ROpen 2025 - Rd6 - Boards 109-172"]
1. d4 Nf6 2. e3 d5 3. Bd3 Bg4 4. f3 Bh5 5. Ne2 e6 6. Nf4 Bg6 7. Nxg6 hxg6 8. c3 c6 9. Nd2 a6 10. Qe2 Qc7 11. f4 Be7 12. Nf3 Nbd7 13. Ne5 Bd6 14. Bd2 b5 15. a4 Qb7 16. b4 Nb6 17. axb5 axb5 18. O-O Nc4 19. Nxc4 bxc4 20. Bc2 Kd7 21. e4 Be7 22. exd5 cxd5 23. Rfe1 Bd6 24. Rxa8 Qxa8 25. Bxg6 fxg6 26. Qxe6+ Kc7 27. Qf7+ Kb6 28. Re6 Ne4 29. Rxe4 dxe4 30. Qxc4 Qa1+ 31. Kf2 Qd1 32. Be3 Qc2+ 33. Ke1 Qd3 34. Qxd3 exd3 35. h3 Kb5 36. Kd2 Kc4 37. d5 Re8 38. g3 Rxe3 0-1

[Event "Reykjavik Open 2025"]
[Site "Reykjavik"]
[Date "2025.04.13"]
[Round "6.172"]
[White "Balyan, Vardan"]
[Black "Nergard, Ole-Kristian"]
[Result "0-1"]
[WhiteElo "1621"]
[WhiteFideId "30977150"]
[BlackElo "1863"]
[BlackFideId "1543156"]
[Variant "Standard"]
[StudyName "ROpen 2025 - Rd6 - Boards 109-172"]
1. b3 Nf6 2. Bb2 g6 3. c4 Bg7 4. g3 O-O 5. Bg2 c6 6. Nf3 d5 7. O-O Nbd7 8. d4 Ne4 9. Nbd2 Nxd2 10. Nxd2 Nf6 11. cxd5 cxd5 12. Rc1 Bf5 13. h3 Qa5 14. a3 Rac8 15. g4 Be6 16. Rxc8 Rxc8 17. b4 Qc7 18. Qb1 Qc2 19. Qxc2 Rxc2 20. Bc1 h5 21. g5 Nh7 22. h4 Bxd4 23. e4 dxe4 24. Bxe4 Rc7 25. Nf3 Bg7 26. Be3 b6 27. Rd1 Nf8 28. Rd8 Rc3 29. a4 Rc4 30. Nd4 Bd7 31. Bd5 Rxb4 32. Nc6 Bxc6 33. Bxc6 Rxh4 34. Ra8 Bd4 35. Bxd4 Rxd4 36. Rxa7 Rd6 37. Be8 Re6 38. Kg2 Kg7 39. Kg3 f6 40. gxf6+ Kxf6 41. Rc7 Rd6 42. Rc3 e5 43. Rf3+ Ke7 44. Bb5 Rf6 45. Rc3 Ne6 46. Rc6 Nd4 47. Rc7+ Kd6 48. Rc8 Nxb5 49. axb5 Kd5 50. f3 g5 51. Rc7 g4 52. fxg4 hxg4 53. Kxg4 Rf4+ 54. Kg3 Rb4 55. Kf3 Rxb5 56. Rd7+ Ke6 57. Rd2 Rd5 58. Rb2 b5 59. Rb4 Kd6 60. Ke4 Rc5 61. Rb1 Rc4+ 62. Kf5 Rf4+ 63. Kg5 b4 64. Rd1+ Kc5 65. Re1 Kd4 66. Rd1+ Kc3 67. Re1 b3 68. Rxe5 Rb4 69. Rc5+ Rc4 70. Rb5 Kc2 71. Kf5 b2 72. Ke5 b1=Q 73. Rxb1 Kxb1 0-1

[Event "Reykjavik Open 2025"]
[Site "Reykjavik"]
[Date "2025.04.13"]
[Round "6.173"]
[White "Grenier, Jean-Luc"]
[Black "Dickson, Eric"]
[Result "1-0"]
[WhiteElo "1798"]
[WhiteFideId "2634864"]
[BlackElo "1475"]
[BlackFideId "30947820"]
[Variant "Standard"]
[StudyName "Ropen 2025 - Rd6 - Boards 173-END"]
1. e4 c5 2. Nf3 d6 3. d4 cxd4 4. Nxd4 Nf6 5. Nc3 a6 6. Bg5 e6 7. Qd2 Be7 8. O-O-O O-O 9. Be2 Qc7 10. f4 b5 11. Bf3 e5 12. Nf5 Rd8 13. Qf2 Bb7 14. Qg3 Kh8 15. Nxg7 b4 16. Bh6 Rg8 17. Nd5 Nxd5 18. exd5 f6 19. Ne6 Rxg3 20. Nxc7 Rg6 21. Nxa8 Bxa8 22. fxe5 Rxh6 23. exd6 Bxd6 24. h3 Nd7 25. Rhe1 Ne5 26. c4 bxc3 27. bxc3 Rh4 28. Bg4 a5 29. Kc2 Bb7 30. Re4 Ba6 31. Ra4 Nc4 32. Kb3 Ne3 33. Rd2 f5 34. Bf3 Rxa4 35. Kxa4 Nc4 36. Rc2 Kg7 37. Be2 Ne3 38. Rd2 Nc4 39. Bxc4 Bxc4 40. Kxa5 Kf6 41. Kb6 Bf4 42. Rd1 Be2 43. Re1 Bc4 44. Kc6 Bd2 45. Rd1 Bxc3 46. Rc1 Bxd5+ 47. Kxd5 Bb2 48. Rc6+ Kg5 49. a4 1-0

[Event "Reykjavik Open 2025"]
[Site "Reykjavik"]
[Date "2025.04.13"]
[Round "6.175"]
[White "B. Berglindardottir, Emilia Embla"]
[Black "De Winter, Eric"]
[Result "0-1"]
[WhiteElo "1606"]
[WhiteFideId "2318946"]
[BlackElo "1771"]
[BlackFideId "1033069"]
[Variant "Standard"]
[StudyName "Ropen 2025 - Rd6 - Boards 173-END"]
1. d4 Nf6 2. c4 g6 3. Nc3 d5 4. cxd5 Nxd5 5. e4 Nxc3 6. bxc3 Bg7 7. Nf3 O-O 8. Bc4 c5 9. O-O Nc6 10. Be3 Bg4 11. d5 Ne5 12. Be2 Nxf3+ 13. Bxf3 Bxf3 14. Qxf3 c4 15. Bf4 b5 16. a3 Qd7 17. e5 a5 18. d6 e6 19. Rfb1 Rab8 20. Ra2 Rfc8 21. Rab2 Rc5 22. Qe3 Rd5 23. Qe4 Qc6 24. Rd2 Qb7 25. Rxd5 exd5 26. Qd4 Qd7 27. Rd1 b4 28. axb4 axb4 29. cxb4 Rxb4 30. Qxd5 h5 31. h3 c3 32. Rc1 Rxf4 33. Rxc3 Kh7 34. Rc7 Qd8 35. Rxf7 Rxf7 36. Qxf7 Kh6 37. Qe7 Qa5 38. d7 Qe1+ 39. Kh2 Bxe5+ 40. g3 Bxg3+ 41. Kxg3 Qxe7 0-1

[Event "Reykjavik Open 2025"]
[Site "Reykjavik"]
[Date "2025.04.13"]
[Round "6.176"]
[White "Hildebrandt, Paul"]
[Black "Deelwater, Michael"]
[Result "0-1"]
[WhiteElo "1587"]
[WhiteFideId "34643702"]
[BlackElo "1766"]
[BlackFideId "1352199"]
[Variant "Standard"]
[StudyName "Ropen 2025 - Rd6 - Boards 173-END"]
1. e4 c5 2. d4 cxd4 3. c3 dxc3 4. Nxc3 Nc6 5. Nf3 e6 6. Bc4 Bb4 7. Qc2 Nge7 8. a3 Ba5 9. b4 Bb6 10. O-O d5 11. Rd1 d4 12. Bf4 Ng6 13. Bg5 f6 14. Bh4 e5 15. Qb3 Bg4 16. Bg3 Rc8 17. Bf7+ Kf8 18. Be6 Bxe6 19. Qxe6 Nxb4 20. axb4 Rxc3 21. Rac1 Rxc1 22. Rxc1 Ne7 23. Nd2 Ke8 24. Nc4 Bc7 25. Kf1 Qd7 26. Qxd7+ Kxd7 27. Ke2 Rc8 28. Kd3 Nc6 29. b5 Nb4+ 30. Kd2 a5 31. bxa6 bxa6 32. Ra1 Ra8 33. Na5 Bxa5 34. Rxa5 Kc6 35. f4 Kb6 36. Ra1 exf4 37. Bxf4 Rc8 38. Rc1 Rxc1 39. Kxc1 Nd3+ 40. Kd2 Nxf4 41. g3 Ne6 0-1

[Event "Reykjavik Open 2025"]
[Site "Reykjavik"]
[Date "2025.04.13"]
[Round "6.178"]
[White "Eustratiadis, Panagiotis"]
[Black "Hofland, Jeffrey"]
[Result "1-0"]
[WhiteElo "1579"]
[WhiteFideId "40100448"]
[BlackElo "1761"]
[BlackFideId "1085328"]
[Variant "Standard"]
[StudyName "Ropen 2025 - Rd6 - Boards 173-END"]
1. e4 c5 2. Nc3 Nc6 3. Bb5 e6 4. Bxc6 bxc6 5. Nf3 Nf6 6. O-O Be7 7. d3 Qc7 8. h3 Rb8 9. b3 O-O 10. Ne2 e5 11. Nxe5 Qxe5 12. Bf4 Qh5 13. Bxb8 d6 14. Ng3 Qh6 15. Bc7 Bxh3 16. gxh3 Qxh3 17. Qf3 h5 18. Qg2 Qd7 19. Ba5 g6 20. f3 Kg7 21. Bc3 Rh8 22. Kf2 Kf8 23. Ke2 Qe6 24. Kd2 Rh7 25. Rh1 d5 26. Qh3 d4 27. Qxe6 dxc3+ 28. Kxc3 fxe6 29. Rag1 Nd7 30. f4 Rf7 31. Ne2 Kg7 32. Rxh5 1-0

[Event "Reykjavik Open 2025"]
[Site "Reykjavik"]
[Date "2025.04.13"]
[Round "6.179"]
[White "Schouten, Ken Ronny"]
[Black "Urbaniak, Andreas"]
[Result "1-0"]
[WhiteElo "1550"]
[WhiteFideId "1533010"]
[BlackElo "1754"]
[BlackFideId "24685020"]
[Variant "Standard"]
[StudyName "Ropen 2025 - Rd6 - Boards 173-END"]
1. d4 Nf6 2. Nc3 e6 3. Bf4 Bb4 4. e3 h6 5. Nf3 Ne4 6. Qd3 d5 7. a3 Bxc3+ 8. bxc3 b6 9. c4 Ba6 10. Qb3 O-O 11. Bd3 c5 12. cxd5 c4 13. Bxc4 Bxc4 14. Qxc4 exd5 15. Qd3 Qc8 16. O-O Nd7 17. Rfc1 Nc3 18. Bd6 Re8 19. Bb4 Ne4 20. c4 Qa6 21. Qb3 dxc4 22. Rxc4 Rac8 23. Rac1 b5 24. Rc7 Nec5 25. Rxc8 Nxb3 26. Rxe8+ Kh7 27. Rc7 Qg6 28. Rxd7 Qb1+ 29. Ne1 Na1 30. Rc7 Nb3 31. Ree7 a6 32. Bc3 Na1 33. Ba5 Nb3 34. Bb4 Nc1 35. Rxf7 Nd3 36. Rxg7+ Kh8 37. Rh7+ Kg8 1-0